| LEADER | 00421cam a2200121 7i4500 | ||
|---|---|---|---|
| 001 | 0000031841 | ||
| 005 | 20141119090000.0 | ||
| 090 | 0 | 0 | |a T 382.7 |b CUS (TUR) |
| 245 | 0 | 0 | |a Customs tariff schedules (Integrated tariff) HS version 2012 : |b with amendments to 01 January 2014 (SADC, EPA, Turkey). |
| 260 | 0 | 0 | |a [S.l]: |b [s.n], |c 2014. |
| 300 | # | # | |a 893 p. |
| 650 | 0 | 0 | |a Tariff -- |z Turkey |
| 999 | |a 0000035054 |b Book |c Tariffs |e Business Information Centre | ||